000
00271nam a22001097a 4500
082
_a
808.4 BLO'F
100
_a
BLOOMFIELD, MORTON W
_9
46024
245
_a
FORM AND IDEA THIER ESSAYS FOR COLLEGE STUDY
260
_a
NEWYORK
_b
MACMILLAN
_c
1957
300
_a
288P
942
_c
BK
999
_c
568125
_d
568125